Narraciones anacrónicas de la modernidad : melodrama e intermedialidad en América Latina /
Guardat en:
| Autor principal: | |
|---|---|
| Format: | Llibre |
| Idioma: | espanyol |
| Publicat: |
Santiago, Chile :
Cuarto Propio,
2002, c2002
|
| Col·lecció: | (Crítica y Ensayos. Ensayo)
|
| Matèries: | |
| Etiquetes: |
Sense etiquetes, Sigues el primer a etiquetar aquest registre!
|
MARC
| LEADER | 00000nam^a2200000^a^4500 | ||
|---|---|---|---|
| 001 | 000180048 | ||
| 005 | 20250521000000.0 | ||
| 009 | 20260310101845.486 | ||
| 020 | |a 956-260-270-2 | ||
| 037 | |a Acervo ITESO - Biblioteca | ||
| 041 | |a ESP | ||
| 082 | |a 302. 230980 |b HER | ||
| 100 | |a Herlinghaus, Hermann |e (ed.) | ||
| 245 | 1 | 0 | |a Narraciones anacrónicas de la modernidad : |b melodrama e intermedialidad en América Latina / |c Ed. y pról. de H. Herlinghaus. |
| 264 | 4 | |a Santiago, Chile : |b Cuarto Propio, |c 2002, c2002 | |
| 300 | |a 386 p. | ||
| 336 | |a texto |b txt |2 rdacontenido | ||
| 337 | |a sin mediación |b n |2 rdamedio | ||
| 338 | |a volumen |b nc |2 rdasoporte | ||
| 440 | 1 | |a (Crítica y Ensayos. |p Ensayo) | |
| 649 | |a XX | ||
| 650 | |a Melodramas - |z Latinoamérica - |x Historia y Crítica | ||
| 650 | |a Cine Latinoamericano - |x Historia y Crítica | ||
| 650 | |a Cine Latinoamericano - |y Siglo XX | ||
| 650 | |a Cine Norteamericano - |x Historia y Crítica | ||
| 650 | |a Cine Norteamericano - |y Siglo XX | ||
| 650 | |a Telenovelas - |z Venezuela - |x Historia y Crítica | ||
| 650 | |a Telenovelas - |z Latinoamérica - |x Historia y Crítica | ||
| 650 | |a Reality Shows - |z Latinoamérica | ||
| 650 | |a Televisión - |z Venezuela - |x Historia | ||
| 650 | |a Televisión - |z Latinoamérica - |x Historia | ||
| 650 | |a Historietas y Caricaturas de Temas Religiosos - |z México - |x Historia y Crítica | ||
| 650 | |a Historietas y Caricaturas Mexicanas - |x Historia y Crítica | ||
| 650 | |a Literatura Latinoamericana - |x Historia y Crítica | ||
| 650 | |a Narcocorridos - |z México (Frontera Norte) - |x Historia y Crítica | ||
| 650 | |a Corridos (Música) - |z México (Frontera Norte) - |x Historia y Crítica | ||
| 650 | |a Canción Ranchera - |z México (Frontera Norte) - |x Historia y Crítica | ||
| 650 | |a Banda Norteña - |z México (Frontera Norte) - |x Historia y Crítica | ||
| 650 | |a Música y Sociedad - |z México (Frontera Norte) - |x Historia y Crítica | ||
| 650 | |a Música Mexicana - |x Historia y Crítica | ||
| 650 | |a Medios de Comunicación - |z Latinoamérica | ||
| 650 | |a Comunicación Masiva - |z Latinoamérica | ||
| 650 | |a Ficción (Narrativa) | ||
| 650 | |a Cristianismo - |z México | ||
| 650 | |a Religión - |z México | ||
| 650 | |a Educación Sentimental - |z Latinoamérica | ||
| 650 | |a Cultura de Masas - |z Latinoamérica | ||
| 650 | |a Cultura Popular - |z Latinoamérica | ||
| 650 | |a Modernidad y Posmodernidad | ||
| 650 | |a Psicoanálisis | ||
| 650 | |a Epistemología | ||
| 650 | |a Hermenéutica | ||
| 650 | |a Filosofía del Siglo XX | ||
| 650 | |a Sociología de la Comunicación | ||
| 650 | |a Sociología de la Cultura | ||
| 910 | |a Fondo General | ||
| 920 | |a Impresos - Libros | ||
| 930 | |a Colección General | ||
| 905 | |a 101 | ||
| 901 | |a 0500119306 |b IT1 |c ACC |u 20250521 | ||
| 902 | |a https://opac.biblio.iteso.mx/vufind/Record/000180048 | ||